Southville International School and Colleges
Your cart is empty.
  • Cart
  • Lists
    Public lists Eva Luna New books Lux_list list_1
    Your lists Log in to create your own lists
  • Log in to your account
  • Your cookies
  • Search history
Southville International School and Colleges
  • Advanced search
  • Recent comments
  • Most popular
  • Libraries

Log in to your account

Log in with GOOGLE


If you do not have an external account, but do have a local account, you can still log in:

  1. Home
  2. MARC view: Dream snow /
Normal view MARC view ISBD view

Dream snow / (Record no. 113630)

[ view plain ]
MARC details
000 -LEADER
fixed length control field 00709nam a2200241 a 4500
001 - CONTROL NUMBER
control field 2029
005 - DATE AND TIME OF LATEST TRANSACTION
control field 20140414132031.0
008 - FIXED-LENGTH DATA ELEMENTS--GENERAL INFORMATION
fixed length control field 040109s19uu xx 00 eng d
020 ## - INTERNATIONAL STANDARD BOOK NUMBER
International Standard Book Number 0-399-23579-5
050 ## - LIBRARY OF CONGRESS CALL NUMBER
Classification number TR
Item number D81 2000
100 ## - MAIN ENTRY--PERSONAL NAME
Personal name Carle, Eric
245 ## - TITLE STATEMENT
Title Dream snow /
Statement of responsibility, etc Eric Carle.
260 ## - PUBLICATION, DISTRIBUTION, ETC. (IMPRINT)
Place of publication, distribution, etc New York :
Name of publisher, distributor, etc Philiomel Books,
Date of publication, distribution, etc 2000.
300 ## - PHYSICAL DESCRIPTION
Extent v. p. ; cm.
520 ## - SUMMARY, ETC.
Summary, etc In this musical and sound effects book, a farmer celebrates Christmas after the first snowfall.
650 ## - SUBJECT ADDED ENTRY--TOPICAL TERM
Topical term or geographic name as entry element Christmas
General subdivision Fiction.
650 ## - SUBJECT ADDED ENTRY--TOPICAL TERM
Topical term or geographic name as entry element Snow
General subdivision Fiction.
650 ## - SUBJECT ADDED ENTRY--TOPICAL TERM
Topical term or geographic name as entry element Farm life
General subdivision Fiction.
650 ## - SUBJECT ADDED ENTRY--TOPICAL TERM
Topical term or geographic name as entry element Sound effect books.
650 ## - SUBJECT ADDED ENTRY--TOPICAL TERM
Topical term or geographic name as entry element Musical books.
650 ## - SUBJECT ADDED ENTRY--TOPICAL TERM
Topical term or geographic name as entry element Toy and movable books.
Holdings
Withdrawn status Lost status Damaged status Use restrictions Home library Current library Shelving location Date acquired Source of acquisition Cost, normal purchase price Total Checkouts Full call number Barcode Date last seen Price effective from Koha item type
        Munich Library Munich Library Teachers Reference Section 01/09/2004   300.00   TR D81 2000 M5230 04/14/2014 04/14/2014 Books

Dream snow /

APA

Carle E., . (2000). Dream snow. New York: Philiomel Books.

Chicago

Carle Eric, . 2000. Dream snow. New York: Philiomel Books.

Harvard

Carle E., . (2000). Dream snow. New York: Philiomel Books.

MLA

Carle Eric, . Dream snow. New York: Philiomel Books. 2000.

  • Place hold
  • Print
  • Cite
  • Add to your cart (remove)
  • Save record
    BIBTEX Dublin Core MARCXML MARC (non-Unicode/MARC-8) MARC (Unicode/UTF-8) MARC (Unicode/UTF-8, Standard) MODS (XML) RIS
  • More searches
    Search for this title in:
    Other Libraries (WorldCat) Other Databases (Google Scholar) Online Stores (Bookfinder.com) Open Library (openlibrary.org)

Exporting to Dublin Core...

SOUTHVILLE LIBRARY

Southville International School and Colleges Library

1281 Tropical Ave. Cor. Luxembourg St., BF Homes International, Las Pinas City

Tel. No. 8256374 / 252358 Loc. 117/146

Powered by Koha